MARC

LEADER 00000nam0a2200000 4500
001 673891
005 20240801134914.0
090 |a 673891 
100 |a 20240801d1979 km|y0rusy50 ca 
101 0 |a rus 
102 |a RU 
105 |a a z 000yy 
181 0 |a i   |b  e  
182 0 |a n 
183 0 |a nc  |2 RDAcarrier 
200 1 |a Конструирование поясных изделий  |f Е. А. Янчевская, З. Н. Тимашева 
203 |a Текст  |b визуальный  |c непосредственный 
210 |a Москва  |c Легкая индустрия  |d 1979 
215 |a 120 с.  |c ил. 
225 1 |a Библиотечка мастера службы быта 
283 |a volume  |2 RDAcarrier 
606 1 |a Одежда  |x Конструирование  |x Моделирование  |9 65897 
610 1 |a швейная промышленность 
610 1 |a женская одежда 
610 1 |a юбки 
610 1 |a брюки 
610 1 |a разработка 
610 1 |a чертежи 
610 1 |a мерки 
610 1 |a шитье 
610 1 |a юбка-брюки 
610 1 |a припуски 
675 |a 687  |v 4 
700 1 |a Янчевская  |b Е. А.  |g Екатерина Александровна 
701 1 |a Тимашева  |b З. Н.  |g Зинаида Николаевна 
801 0 |a RU  |b 63413507  |c 20240801 
830 |a Ретро2024Каталогизация Кузнецова 
850 |a 63413507 
942 |c BK